[Event "Madrid-ch Previa A 2014-2015"]
[Site "Madrid ESP"]
[Date "2015.02.11"]
[Round "6.13"]
[White "Fernandez Rios, Jose Francisco"]
[Black "Hernandez Garcia, Carlos"]
[Result "1/2-1/2"]
[WhiteElo "1715"]
[BlackElo "1838"]
[PlyCount "88"]
[EventDate "2015.02.02"]
[EventType "swiss"]
[EventRounds "9"]
[EventCountry "ESP"]
[Source "lmi"]
[SourceDate "2015.02.02"]

1. d4 Nf6 2. c4 g6 3. Nc3 Bg7 4. e4 d6 5. Nf3 O-O 6. Be2 c5 7. d5 Nbd7 8. O-O
a6 9. a4 b6 10. Bf4 Nh5 11. Be3 h6 12. Nd2 Nhf6 13. Bf4 Ne5 14. Bxe5 dxe5 15.
Rb1 Qd6 16. Nb3 Bd7 17. Nc1 Rab8 18. Nd3 e6 19. f3 Ne8 20. Qc2 Nc7 21. b4 exd5
22. bxc5 bxc5 23. cxd5 a5 24. Nb2 Na6 25. Nb5 Bxb5 26. Bxb5 Nb4 27. Qc3 c4 28.
Nxc4 Qc5+ 29. Qe3 Rxb5 30. axb5 Qxc4 31. b6 Rb8 32. Rbc1 Qd4 33. Qf2 Rxb6 34.
Rfd1 Qxf2+ 35. Kxf2 Bf8 36. Ra1 Ra6 37. Ke2 Bc5 38. Ra4 Nc2 39. Kd3 Nd4 40.
Rda1 Rb6 41. Rxa5 Bd6 42. Ra7 Kg7 43. R7a6 Rb3+ 44. Kc4 Rb4+ 1/2-1/2

[Event "Madrid-ch Previa A 2014-2015"]
[Site "Madrid ESP"]
[Date "2015.02.11"]
[Round "6.14"]
[White "Lopez Peral, Enrique"]
[Black "Del Noval Nemeshazi, Nesztor"]
[Result "0-1"]
[WhiteElo "1837"]
[BlackElo "1616"]
[PlyCount "50"]
[EventDate "2015.02.02"]
[EventType "swiss"]
[EventRounds "9"]
[EventCountry "ESP"]
[Source "lmi"]
[SourceDate "2015.02.02"]

1. d4 Nf6 2. c4 g6 3. Nc3 d5 4. e3 Bg7 5. Nf3 O-O 6. b3 c5 7. cxd5 Nxd5 8. Nxd5
Qxd5 9. Bc4 Qd6 10. Bb2 Bg4 11. h3 Bxf3 12. Qxf3 cxd4 13. Qxb7 dxe3 14. fxe3
Bxb2 15. Rd1 Qc6 16. Bd5 Bc3+ 17. Ke2 Qa6+ 18. Rd3 Qxa2+ 19. Kf3 Bf6 20. Bc4
Nc6 21. Qxc6 Rac8 22. Qb5 e5 23. Qa6 e4+ 24. Kxe4 Qxg2+ 25. Kf4 g5+ 0-1

[Event "Madrid-ch Previa A 2014-2015"]
[Site "Madrid ESP"]
[Date "2015.02.11"]
[Round "6.15"]
[White "Gonzalez Recas, Fernando"]
[Black "Boni De Aristizabal, Marco"]
[Result "1-0"]
[WhiteElo "1776"]
[BlackElo "1723"]
[PlyCount "91"]
[EventDate "2015.02.02"]
[EventType "swiss"]
[EventRounds "9"]
[EventCountry "ESP"]
[Source "lmi"]
[SourceDate "2015.02.02"]

1. e4 Nf6 2. e5 Nd5 3. d4 d6 4. c4 Nb6 5. exd6 cxd6 6. d5 N8d7 7. Be3 g6 8. Bd4
Nf6 9. Nc3 Bg7 10. Be2 Bd7 11. Nf3 Bg4 12. b3 O-O 13. h3 Bd7 14. O-O e5 15.
dxe6 fxe6 16. Rc1 Qe7 17. Be3 Rfd8 18. Bg5 Bc6 19. Nd4 d5 20. Nxc6 bxc6 21. Qe1
h6 22. Bh4 g5 23. Bg3 d4 24. Nb1 e5 25. f3 c5 26. Bd3 Nbd7 27. Nd2 Nh5 28. Ne4
Nxg3 29. Qxg3 Rf8 30. Qh2 Nf6 31. g3 Rad8 32. Rce1 Nh5 33. Nd2 Nf6 34. f4 Nd7
35. Qg2 Qd6 36. Ne4 Qc7 37. fxg5 hxg5 38. Nxg5 Rde8 39. Qd5+ Kh8 40. Rxf8+ Rxf8
41. Nf7+ Rxf7 42. Qxf7 e4 43. Kh2 Be5 44. Rxe4 Bxg3+ 45. Kg2 Ne5 46. Qxc7 1-0

[Event "Madrid-ch Previa A 2014-2015"]
[Site "Madrid ESP"]
[Date "2015.02.11"]
[Round "6.17"]
[White "Baeza Escudero, Javier"]
[Black "Rodriguez Bachiller, Luis"]
[Result "1-0"]
[WhiteElo "1922"]
[BlackElo "1714"]
[PlyCount "75"]
[EventDate "2015.02.02"]
[EventType "swiss"]
[EventRounds "9"]
[EventCountry "ESP"]
[Source "lmi"]
[SourceDate "2015.02.02"]

1. e4 c6 2. d4 d5 3. Nd2 dxe4 4. Nxe4 Bf5 5. Ng3 Bg6 6. h4 h6 7. h5 Bh7 8. Nf3
Nd7 9. Bd3 Bxd3 10. Qxd3 e6 11. Bd2 Ngf6 12. O-O-O Bd6 13. Ne4 Nxe4 14. Qxe4
Nf6 15. Qe2 Qc7 16. g3 O-O-O 17. c4 Qe7 18. Kb1 Bb4 19. Bf4 Bd6 20. Ne5 Qc7 21.
Be3 Rhf8 22. f4 Ne4 23. Qf3 f5 24. Ng6 Rf7 25. Rc1 Qa5 26. Rhd1 Bf8 27. Rd3 a6
28. g4 Nf6 29. g5 Ng4 30. Bd2 Qc7 31. Ne5 Nxe5 32. fxe5 Rfd7 33. gxh6 gxh6 34.
Bc3 Rf7 35. d5 cxd5 36. cxd5 Rxd5 37. Rxd5 exd5 38. Ba5 1-0

[Event "Madrid-ch Previa A 2014-2015"]
[Site "Madrid ESP"]
[Date "2015.02.11"]
[Round "6.18"]
[White "Lopez Oneto, Manuel"]
[Black "Clemares Marquerie, David"]
[Result "0-1"]
[WhiteElo "1855"]
[BlackElo "1693"]
[PlyCount "80"]
[EventDate "2015.02.02"]
[EventType "swiss"]
[EventRounds "9"]
[EventCountry "ESP"]
[Source "lmi"]
[SourceDate "2015.02.02"]

1. e4 d5 2. exd5 Nf6 3. d4 Nxd5 4. Nf3 e6 5. g3 Nc6 6. Bg2 g6 7. O-O Bg7 8. c3
O-O 9. Re1 Re8 10. Nbd2 a6 11. Nc4 Rb8 12. Bg5 f6 13. Bd2 b5 14. Ne3 Nce7 15.
a3 Nxe3 16. Bxe3 Nd5 17. Bd2 c6 18. Rc1 Bd7 19. Ra1 a5 20. Qc2 Qb6 21. h4 c5
22. dxc5 Qxc5 23. Nd4 a4 24. Qd3 Kf7 25. Rad1 Rbd8 26. Qf1 Nb6 27. Bf3 Nc4 28.
Bc1 e5 29. Nc2 Bf5 30. Nb4 Rxd1 31. Rxd1 e4 32. Rd5 Qb6 33. Rxf5 gxf5 34. Bh5+
Kf8 35. Bxe8 Kxe8 36. Nd5 Qc5 37. Qd1 Kf8 38. Nf4 Qd6 39. Qxd6+ Nxd6 40. Ne6+
Kf7 0-1

[Event "Madrid-ch Previa A 2014-2015"]
[Site "Madrid ESP"]
[Date "2015.02.11"]
[Round "6.19"]
[White "Montes De Santiago, Fernando"]
[Black "Jimenez Jimenez, Darfo"]
[Result "1-0"]
[WhiteElo "1774"]
[BlackElo "1668"]
[PlyCount "69"]
[EventDate "2015.02.02"]
[EventType "swiss"]
[EventRounds "9"]
[EventCountry "ESP"]
[Source "lmi"]
[SourceDate "2015.02.02"]

1. d4 g6 2. c4 Bg7 3. Nf3 d6 4. e3 Nd7 5. g3 e5 6. dxe5 Nxe5 7. Nxe5 Bxe5 8.
Bg2 Qf6 9. Qc2 Qe7 10. O-O f5 11. Nc3 c6 12. Rb1 Qg7 13. Bd2 Ne7 14. Ne2 O-O
15. Rfd1 Be6 16. Bb4 Rfd8 17. f4 Bf6 18. Bxd6 Nc8 19. Ba3 Nb6 20. b3 Rd7 21.
Rxd7 Qxd7 22. Rd1 Qe8 23. Bb2 Bxb2 24. Qxb2 Rd8 25. Rd4 Bf7 26. Qd2 Rxd4 27.
Qxd4 Nd7 28. Qxa7 b6 29. Kf2 Nc5 30. Qxb6 Nd3+ 31. Kf1 c5 32. e4 fxe4 33. Qd6
Qa8 34. Qxd3 exd3 35. Bxa8 1-0

[Event "Madrid-ch Previa A 2014-2015"]
[Site "Madrid ESP"]
[Date "2015.02.11"]
[Round "6.20"]
[White "Martinez Miura, Enrique"]
[Black "Jara Sanchez, Carlos"]
[Result "1/2-1/2"]
[WhiteElo "1732"]
[BlackElo "1621"]
[PlyCount "96"]
[EventDate "2015.02.02"]
[EventType "swiss"]
[EventRounds "9"]
[EventCountry "ESP"]
[Source "lmi"]
[SourceDate "2015.02.02"]

1. e4 Nf6 2. Nc3 e5 3. a3 Bc5 4. h3 O-O 5. Nf3 Nc6 6. Bc4 d6 7. O-O Kh8 8. d3
h6 9. Na4 Nd7 10. Nxc5 Nxc5 11. Be3 Ne6 12. Qd2 Kh7 13. c3 f5 14. exf5 Rxf5 15.
Bd5 Rf8 16. Be4+ Kg8 17. Bd5 Ne7 18. Ba2 Nf5 19. Rfe1 Qf6 20. d4 e4 21. Nh2 Kh8
22. Bxe6 Bxe6 23. Bf4 d5 24. Bxc7 Nh4 25. Bg3 Rf7 26. Rf1 Nf5 27. Ng4 Qe7 28.
Be5 Kh7 29. f3 exf3 30. Rxf3 Raf8 31. Raf1 Nd6 32. Rxf7 Rxf7 33. Rxf7 Nxf7 34.
Qd3+ g6 35. Bf6 Qd7 36. Ne5 Nxe5 37. Bxe5 Bf5 38. Qf3 Be4 39. Qf8 g5 40. Qh8+
Kg6 41. Qg8+ Kh5 42. Qf8 g4 43. hxg4+ Qxg4 44. Qf7+ Qg6 45. Qxg6+ Kxg6 46. Kh2
Kg5 47. Kg1 Kf5 48. Kf2 b5 1/2-1/2

[Event "Madrid-ch Previa A 2014-2015"]
[Site "Madrid ESP"]
[Date "2015.02.11"]
[Round "6.21"]
[White "Leniz Martinez, Francisco"]
[Black "Morona Calvo, Virgilio"]
[Result "1-0"]
[WhiteElo "1702"]
[BlackElo "1411"]
[PlyCount "111"]
[EventDate "2015.02.02"]
[EventType "swiss"]
[EventRounds "9"]
[EventCountry "ESP"]
[Source "lmi"]
[SourceDate "2015.02.02"]

1. d4 Nf6 2. Nf3 d5 3. Bf4 c6 4. h3 e6 5. Nbd2 Bd6 6. Bxd6 Qxd6 7. e3 O-O 8.
Bd3 Nbd7 9. O-O e5 10. dxe5 Nxe5 11. Nxe5 Qxe5 12. c3 Re8 13. a4 Be6 14. a5 c5
15. Re1 c4 16. Bc2 Red8 17. Nf3 Qh5 18. Nd4 Qxd1 19. Rexd1 a6 20. Ra4 Rd6 21.
Rb4 Rb8 22. b3 b5 23. axb6 Rdxb6 24. Rxb6 Rxb6 25. bxc4 dxc4 26. e4 g6 27. Ra1
Bd7 28. f3 Bb5 29. Ba4 Nd7 30. Bxb5 axb5 31. Rb1 Nc5 32. Rxb5 Rxb5 33. Nxb5 Na4
34. Kf2 Kg7 35. Ke3 Kf6 36. Kd4 Nb2 37. Nd6 Nd3 38. Nxc4 Ne1 39. Ne3 Ke6 40. c4
h5 41. Kc3 Ke5 42. Kd2 Nxg2 43. Nxg2 Kd4 44. h4 Kxc4 45. Ke3 Kc5 46. f4 Kd6 47.
Ne1 Ke6 48. Nd3 f5 49. Nf2 Kf6 50. Kd4 Ke6 51. Nh3 Kd6 52. e5+ Ke6 53. Kc5 Kd7
54. Kd5 Ke7 55. Kc6 Ke6 56. Ng5+ 1-0

[Event "Madrid-ch Previa A 2014-2015"]
[Site "Madrid ESP"]
[Date "2015.02.11"]
[Round "6.22"]
[White "Torres Alvarez, Augusto"]
[Black "Martin-Consuegra Barrilero, Francisco Javier"]
[Result "0-1"]
[WhiteElo "1505"]
[BlackElo "1801"]
[PlyCount "118"]
[EventDate "2015.02.02"]
[EventType "swiss"]
[EventRounds "9"]
[EventCountry "ESP"]
[Source "lmi"]
[SourceDate "2015.02.02"]

1. d4 d6 2. c4 e5 3. d5 f5 4. Nc3 Nf6 5. e3 Be7 6. b3 O-O 7. Nf3 c6 8. Bb2 Na6
9. Nd2 Nc5 10. Be2 a5 11. O-O Qb6 12. Rb1 Bd7 13. Qc2 Rac8 14. Qd1 Be8 15. Bf3
e4 16. Be2 Bf7 17. Re1 Ncd7 18. dxc6 bxc6 19. Nf1 Qc7 20. Ng3 Be6 21. Rc1 Qb8
22. Rb1 Rcd8 23. Bf1 Ne5 24. Qc2 Nfd7 25. Na4 d5 26. Bd4 Rf7 27. c5 Bh4 28. Nh5
Re8 29. Qc3 Bd8 30. a3 Bc7 31. Be2 g6 32. Ng3 Ng4 33. Bxg4 fxg4 34. b4 axb4 35.
Rxb4 Qd8 36. Nb6 Ref8 37. Rf1 h5 38. Nxd7 Bxd7 39. Be5 Ba5 40. Qb3 Bxb4 41.
Qxb4 Qa8 42. a4 Bc8 43. Bd6 Rb7 44. Qa3 Rff7 45. Ne2 Ra7 46. Nc3 Ba6 47. Rb1
Rab7 48. Qa1 Rxb1+ 49. Qxb1 Rb7 50. Qa2 Bc4 51. Qc2 Qa5 52. f3 Bd3 53. Qc1 Rb3
54. Be5 Qxc5 55. Bd4 Qc4 56. Qa1 c5 57. Be5 d4 58. exd4 cxd4 59. Nb5 Rb1+ 0-1

[Event "Madrid-ch Previa A 2014-2015"]
[Site "Madrid ESP"]
[Date "2015.02.11"]
[Round "6.23"]
[White "Benitez Cadenas, Luis Miguel"]
[Black "Jarne Anguita, Miguel"]
[Result "1/2-1/2"]
[WhiteElo "1703"]
[BlackElo "1431"]
[PlyCount "61"]
[EventDate "2015.02.02"]
[EventType "swiss"]
[EventRounds "9"]
[EventCountry "ESP"]
[Source "lmi"]
[SourceDate "2015.02.02"]

1. d4 d5 2. Nf3 Nf6 3. c4 e6 4. Bg5 Be7 5. Nc3 O-O 6. cxd5 Nxd5 7. Bxe7 Qxe7 8.
e4 Nf6 9. Bd3 b6 10. Qc2 h6 11. Rc1 c5 12. Nb5 Nbd7 13. Nc7 Rb8 14. Na6 Bxa6
15. Bxa6 cxd4 16. Nxd4 Qb4+ 17. Qc3 Qxc3+ 18. Rxc3 Nxe4 19. Rc7 Ndc5 20. Rxa7
Ra8 21. Rxa8 Rxa8 22. Bc4 Ra4 23. b3 Rxa2 24. O-O Nd2 25. Rd1 Nxc4 26. bxc4 Ne4
27. f3 Nd6 28. Nxe6 Nxc4 29. Rd8+ Kh7 30. Nf8+ Kg8 31. Ne6+ 1/2-1/2

[Event "Madrid-ch Previa A 2014-2015"]
[Site "Madrid ESP"]
[Date "2015.02.11"]
[Round "6.24"]
[White "Rufo Yebra, Benito"]
[Black "Ramos Antona, Enrique"]
[Result "1-0"]
[WhiteElo "1484"]
[BlackElo "1630"]
[PlyCount "91"]
[EventDate "2015.02.02"]
[EventType "swiss"]
[EventRounds "9"]
[EventCountry "ESP"]
[Source "lmi"]
[SourceDate "2015.02.02"]

1. d4 d5 2. e3 c6 3. h3 Nf6 4. Nc3 Bf5 5. Bd3 Qd7 6. Nf3 g6 7. g4 Bxd3 8. Qxd3
Qd6 9. Bd2 Na6 10. a3 Bg7 11. O-O-O Nd7 12. e4 e6 13. e5 Qc7 14. Bg5 h6 15. Bd2
O-O-O 16. Na2 c5 17. g5 h5 18. h4 cxd4 19. Rh3 Nxe5 20. Qxd4 Qc5 21. Be3 Qxd4
22. Bxd4 Nxf3 23. Bxg7 Rhg8 24. Bf6 Ne5 25. Rc3+ Nc7 26. Bxe5 Rd7 27. Rdd3 b6
28. Bf4 Kb7 29. a4 f6 30. Be3 e5 31. Rb3 d4 32. Bd2 e4 33. Rg3 Nd5 34. Nb4 Ne7
35. a5 b5 36. Bf4 a6 37. c4 bxc4 38. Nxa6+ cxb3 39. Nc5+ Kc6 40. Nxd7 Kxd7 41.
Rxb3 Kc6 42. Rb6+ Kc5 43. Rxf6 Rc8 44. a6 Rc6 45. a7 Rc8 46. Bb8 1-0

[Event "Madrid-ch Previa A 2014-2015"]
[Site "Madrid ESP"]
[Date "2015.02.11"]
[Round "6.25"]
[White "Jarne Ubieto, Francisco"]
[Black "Suarez Mencia, Roberto"]
[Result "0-1"]
[WhiteElo "1325"]
[BlackElo "1489"]
[PlyCount "88"]
[EventDate "2015.02.02"]
[EventType "swiss"]
[EventRounds "9"]
[EventCountry "ESP"]
[Source "lmi"]
[SourceDate "2015.02.02"]

1. d4 Nf6 2. e3 g6 3. Bd3 d6 4. Nf3 Bg7 5. Nbd2 Nbd7 6. O-O O-O 7. b3 Re8 8.
Bb2 e5 9. dxe5 dxe5 10. e4 b6 11. Re1 a6 12. Nc4 Nh5 13. Ne3 Nf4 14. Bc4 Qe7
15. Nd5 Nxd5 16. Bxd5 Rb8 17. Qd2 Bb7 18. Bxb7 Rxb7 19. a4 c6 20. Qd3 Nc5 21.
Qc3 Rd7 22. Ba3 Bf8 23. Rad1 Rxd1 24. Rxd1 Qf6 25. Qc4 Rd8 26. Rxd8 Qxd8 27. h4
Qf6 28. Bxc5 Bxc5 29. Qxa6 Qf4 30. Qd3 Qc1+ 31. Kh2 Bxf2 32. Qd2 Qxd2 33. Nxd2
Bxh4 34. Nc4 Bd8 35. Kh3 f6 36. Kg3 Kf7 37. Kf3 Ke6 38. b4 b5 39. axb5 cxb5 40.
Na3 Be7 41. c3 h5 42. Nxb5 g5 43. Nc7+ Kd7 44. Nd5 g4+ 0-1

[Event "Madrid-ch Previa A 2014-2015"]
[Site "Madrid ESP"]
[Date "2015.02.16"]
[Round "7.1"]
[White "Martos De La Vega, Alvar"]
[Black "Cano Mercado, Francisco Manuel"]
[Result "1-0"]
[WhiteElo "1933"]
[BlackElo "1886"]
[PlyCount "83"]
[EventDate "2015.02.02"]
[EventType "swiss"]
[EventRounds "9"]
[EventCountry "ESP"]
[Source "lmi"]
[SourceDate "2015.02.02"]

1. d4 d5 2. c4 e6 3. Nc3 Be7 4. cxd5 exd5 5. Bf4 Nf6 6. e3 O-O 7. Bd3 c6 8.
Nge2 Nbd7 9. h3 Re8 10. O-O Nf8 11. Qc2 Ne6 12. Be5 h6 13. Rac1 Ng5 14. Ng3 Bd6
15. f4 Ngh7 16. Kh1 Nf8 17. Qf2 Qe7 18. Bf5 Be6 19. Bd3 Bd7 20. a3 N6h7 21. e4
f6 22. Bxd6 Qxd6 23. exd5 cxd5 24. Nxd5 Rac8 25. Nc3 a6 26. Nge4 Qb8 27. Nc5
Be6 28. Nxe6 Nxe6 29. Rce1 Nhf8 30. Bf5 Rcd8 31. Bb1 Kh8 32. d5 Nc7 33. Qf3 Nb5
34. Ne4 Rxd5 35. Nxf6 Rxe1 36. Rxe1 Rd8 37. Ng4 Nd4 38. Qe4 Qd6 39. Ne5 Qf6 40.
Ba2 Nfe6 41. Ng6+ Kg8 42. f5 1-0

[Event "Madrid-ch Previa A 2014-2015"]
[Site "Madrid ESP"]
[Date "2015.02.16"]
[Round "7.2"]
[White "Perea Blanco, David"]
[Black "Pana, Dorin"]
[Result "0-1"]
[WhiteElo "1876"]
[BlackElo "1943"]
[PlyCount "100"]
[EventDate "2015.02.02"]
[EventType "swiss"]
[EventRounds "9"]
[EventCountry "ESP"]
[Source "lmi"]
[SourceDate "2015.02.02"]

1. d4 d5 2. Nf3 Nf6 3. g3 e6 4. Bg2 c5 5. e3 Nc6 6. O-O Be7 7. b3 cxd4 8. exd4
b5 9. a4 b4 10. Bb2 a5 11. c4 bxc3 12. Nxc3 Ba6 13. Re1 Qb6 14. Bf1 Bxf1 15.
Rxf1 Rb8 16. Nb5 Ne4 17. Ba3 Bxa3 18. Rxa3 O-O 19. Ra1 Rfc8 20. Ne5 Nxe5 21.
dxe5 Nc3 22. Qd2 Nxb5 23. axb5 Qxb5 24. Rxa5 Qxb3 25. Rfa1 Qf3 26. R5a3 Qf5 27.
Qe3 h6 28. Ra4 Rc4 29. Rxc4 dxc4 30. Qc3 Rb1+ 31. Rxb1 Qxb1+ 32. Kg2 Qb3 33.
Qa5 Qb7+ 34. Kf1 Qb1+ 35. Qe1 Qd3+ 36. Qe2 Qd5 37. Qb2 Qd1+ 38. Kg2 Qd3 39.
Qb8+ Kh7 40. Qd6 Qe4+ 41. Kf1 c3 42. f3 Qxf3+ 43. Ke1 Qh1+ 44. Ke2 Qxh2+ 45.
Kf3 Qd2 46. g4 Qxd6 47. exd6 c2 48. d7 c1=Q 49. d8=Q Qc3+ 50. Kf2 Qf6+ 0-1

[Event "Madrid-ch Previa A 2014-2015"]
[Site "Madrid ESP"]
[Date "2015.02.16"]
[Round "7.3"]
[White "Santamaria Baeza, Adolfo"]
[Black "Rueda Maria, Ramiro"]
[Result "1-0"]
[WhiteElo "1892"]
[BlackElo "1905"]
[PlyCount "95"]
[EventDate "2015.02.02"]
[EventType "swiss"]
[EventRounds "9"]
[EventCountry "ESP"]
[Source "lmi"]
[SourceDate "2015.02.02"]

1. e4 e5 2. Nf3 Nf6 3. Nc3 Nc6 4. Bc4 Be7 5. d3 d6 6. h3 O-O 7. Be3 Na5 8. Bb3
c6 9. Ne2 Nxb3 10. axb3 a6 11. O-O Qc7 12. c4 Be6 13. Ng3 d5 14. Qe2 dxe4 15.
dxe4 Rad8 16. Rfd1 h6 17. Qe1 a5 18. Rxd8 Rxd8 19. Rxa5 Nd7 20. Ra1 Nc5 21.
Bxc5 Bxc5 22. b4 Bd4 23. Nxd4 Rxd4 24. c5 Qd8 25. Qc3 f6 26. Ra7 Rd3 27. Qc2
Bb3 28. Qe2 Bd1 29. Qe1 Ba4 30. Kh2 Rd1 31. Qc3 Bb5 32. Qb3+ Kh7 33. Rxb7 Rd7
34. Rxd7 Qxd7 35. Nf5 Qd2 36. Nd6 Qf4+ 37. Qg3 Qd2 38. Ne8 Qd7 39. Nd6 Be2 40.
f3 Bd1 41. Qg4 Qe7 42. h4 Bb3 43. h5 Be6 44. Qg6+ Kg8 45. Qe8+ Qxe8 46. Nxe8
Bf7 47. Nd6 Bxh5 48. g4 1-0

[Event "Madrid-ch Previa A 2014-2015"]
[Site "Madrid ESP"]
[Date "2015.02.16"]
[Round "7.4"]
[White "Fernandez Aransay, Fernando"]
[Black "Camacho Casado, Demetrio"]
[Result "1-0"]
[WhiteElo "1869"]
[BlackElo "1933"]
[PlyCount "85"]
[EventDate "2015.02.02"]
[EventType "swiss"]
[EventRounds "9"]
[EventCountry "ESP"]
[Source "lmi"]
[SourceDate "2015.02.02"]

1. e4 e6 2. d4 d5 3. exd5 exd5 4. Nf3 Bd6 5. c4 c6 6. Nc3 Ne7 7. Bg5 f6 8. Be3
O-O 9. c5 Bc7 10. Bd3 Qe8 11. Qc2 f5 12. O-O-O h6 13. g3 b6 14. Rde1 Qf7 15.
Nh4 bxc5 16. dxc5 Nd7 17. Bd4 a5 18. f4 Bd8 19. Re3 Ba6 20. Rhe1 Bxd3 21. Qxd3
a4 22. Re6 Ra7 23. Qe2 Nf6 24. Bxf6 gxf6 25. Qd3 Qh5 26. Ne2 a3 27. b3 Ba5 28.
Nc3 Rf7 29. Qd4 Kg7 30. Rd6 Ng6 31. Nxg6 Qf3 32. Nh4 Qxc3+ 33. Qxc3 Bxc3 34.
Nxf5+ Kg6 35. Nh4+ Kh5 36. Ree6 Ra5 37. Rxc6 Bb4 38. Rxf6 Rxf6 39. Rxf6 Rxc5+
40. Kd1 Bc3 41. Rd6 Bd4 42. h3 Be3 43. Nf3 1-0

[Event "Madrid-ch Previa A 2014-2015"]
[Site "Madrid ESP"]
[Date "2015.02.16"]
[Round "7.5"]
[White "Roldan Garcia, Angel"]
[Black "Camarero Izquierdo, Juan Carlo"]
[Result "0-1"]
[WhiteElo "1824"]
[BlackElo "1875"]
[PlyCount "62"]
[EventDate "2015.02.02"]
[EventType "swiss"]
[EventRounds "9"]
[EventCountry "ESP"]
[Source "lmi"]
[SourceDate "2015.02.02"]

1. e4 c5 2. c3 e6 3. d4 Nf6 4. e5 Ng8 5. Nf3 Ne7 6. Bd3 Nbc6 7. O-O Ng6 8. Qe2
Qb6 9. Rd1 d5 10. exd6 Bxd6 11. d5 Nce5 12. Bb5+ Kf8 13. dxe6 Bxe6 14. Ng5 Bg4
15. f3 c4+ 16. Be3 Bc5 17. Bd4 Qxb5 18. fxg4 Nd3 19. Na3 Bxd4+ 20. cxd4 Qxg5
21. Nxc4 Ndf4 22. Qd2 h5 23. Rf1 hxg4 24. Qb4+ Kg8 25. Qxb7 Rd8 26. g3 Ne2+ 27.
Kg2 f5 28. Rae1 Nxd4 29. Qxa7 Nf3 30. h4 Nxe1+ 31. Rxe1 Qf6 0-1

[Event "Madrid-ch Previa A 2014-2015"]
[Site "Madrid ESP"]
[Date "2015.02.16"]
[Round "7.6"]
[White "Lopez Heras, Arturo"]
[Black "Dominguez Afonso, Ayraldo"]
[Result "1-0"]
[WhiteElo "1866"]
[BlackElo "1574"]
[PlyCount "71"]
[EventDate "2015.02.02"]
[EventType "swiss"]
[EventRounds "9"]
[EventCountry "ESP"]
[Source "lmi"]
[SourceDate "2015.02.02"]

1. d4 d5 2. c4 e6 3. Nf3 Nf6 4. Bg5 Be7 5. e3 c6 6. Nc3 Nbd7 7. cxd5 exd5 8.
Bd3 h6 9. Bh4 Qc7 10. Bg3 Bd6 11. Bxd6 Qxd6 12. O-O O-O 13. Rc1 Re8 14. Re1 Ne4
15. Bxe4 dxe4 16. Nd2 Nf6 17. f3 Bf5 18. g4 Bh7 19. f4 Re7 20. Qe2 Rae8 21. a3
Qd7 22. h3 Qd6 23. Nc4 Qd8 24. Kh1 Nd5 25. Rg1 Nxc3 26. Rxc3 Kh8 27. Rg3 Qd5
28. Rc1 f6 29. h4 Bg6 30. Nd2 b6 31. g5 fxg5 32. hxg5 h5 33. Nc4 Re6 34. Ne5
Kh7 35. Rh3 R8e7 36. Nxg6 1-0

[Event "Madrid-ch Previa A 2014-2015"]
[Site "Madrid ESP"]
[Date "2015.02.16"]
[Round "7.7"]
[White "Corral Aragon, Juan Maria"]
[Black "Fernandez Garcia, Ignacio"]
[Result "0-1"]
[WhiteElo "1809"]
[BlackElo "1836"]
[PlyCount "186"]
[EventDate "2015.02.02"]
[EventType "swiss"]
[EventRounds "9"]
[EventCountry "ESP"]
[Source "lmi"]
[SourceDate "2015.02.02"]

1. e4 e6 2. d4 d5 3. exd5 exd5 4. Nf3 Bg4 5. c4 Nf6 6. Qb3 Bxf3 7. Qxf3 Bb4+ 8.
Nc3 O-O 9. Be2 Nc6 10. Be3 Ne4 11. Rc1 Re8 12. O-O Bxc3 13. bxc3 Ne7 14. cxd5
Qxd5 15. c4 Qf5 16. Bd3 Qxf3 17. gxf3 Nd6 18. d5 Nef5 19. c5 Nxe3 20. cxd6 Nxd5
21. dxc7 Rec8 22. Be4 Rxc7 23. Bxd5 Rd7 24. Bb3 g6 25. Rfd1 Re7 26. Rd2 Rae8
27. Kg2 b5 28. Rc5 a6 29. Rd6 Ra7 30. Rdc6 Ree7 31. f4 Kg7 32. f5 Reb7 33. f6+
Kh6 34. f4 Rd7 35. Rc3 Rd2+ 36. Kg1 Kh5 37. Rg3 Rd4 38. Rc5+ Kh4 39. Kg2 Rd2+
40. Kg1 Rd4 41. Rf3 Kg4 42. Rf1 Rad7 43. Rg5+ Kh4 44. Re5 R7d6 45. Re7 Rxf6 46.
Rxf7 Rxf7 47. Bxf7 Rd2 48. Rf2 Rd7 49. Be6 Rd6 50. Re2 Rd4 51. Kg2 Rxf4 52. Re3
Kg5 53. Bc8 Ra4 54. Be6 Rd4 55. Bg8 h5 56. Bf7 Kf6 57. Rf3+ Kg7 58. Be8 Rd6 59.
h4 Rd4 60. Kh3 Rd2 61. Rf7+ Kh6 62. Rf6 Rxa2 63. Rxg6+ Kh7 64. Rg5 Ra3+ 65. Kg2
b4 66. Bxh5 b3 67. Bg6+ Kh6 68. Rg3 a5 69. Kh2 a4 70. Be4 Ra2+ 71. Kh3 Re2 72.
Rg6+ Kh7 73. Re6+ Rxe4 74. Rxe4 b2 75. Rxa4 b1=Q 76. Rg4 Kh6 77. Kg3 Qd3+ 78.
Kg2 Kh5 79. Rf4 Qe3 80. Rf3 Qe4 81. Kg3 Qg4+ 82. Kf2 Kxh4 83. Ke3 Qe6+ 84. Kf4
Qd6+ 85. Kf5 Qh6 86. Ke4 Kg4 87. Re3 Qc6+ 88. Ke5 Qc7+ 89. Kd4 Qd6+ 90. Kc3 Kf4
91. Rd3 Qc5+ 92. Kd2 Ke4 93. Ke2 Qc4 0-1

[Event "Madrid-ch Previa A 2014-2015"]
[Site "Madrid ESP"]
[Date "2015.02.16"]
[Round "7.8"]
[White "Lozano Sanchez, Jose Antonio"]
[Black "Perez Cameselle, Francisco"]
[Result "1-0"]
[WhiteElo "1873"]
[BlackElo "1849"]
[PlyCount "83"]
[EventDate "2015.02.02"]
[EventType "swiss"]
[EventRounds "9"]
[EventCountry "ESP"]
[Source "lmi"]
[SourceDate "2015.02.02"]

1. e4 c5 2. Nf3 Nc6 3. Bc4 g6 4. Nc3 Bg7 5. a3 Nf6 6. d3 d6 7. Bf4 O-O 8. O-O
Bg4 9. h3 Bd7 10. Re1 e5 11. Be3 a6 12. a4 Qc7 13. Nh2 Nd4 14. Nd5 Nxd5 15.
Bxd5 Be6 16. Ba2 Bxa2 17. Rxa2 f5 18. c3 Qf7 19. Ra3 Nc6 20. Qb3 fxe4 21. Qxf7+
Rxf7 22. dxe4 Rd8 23. Raa1 b5 24. axb5 axb5 25. Ra6 Rc8 26. Rd1 Bf8 27. Ng4 Ra7
28. Rxa7 Nxa7 29. Ra1 Nc6 30. Ra6 Be7 31. Bd2 Kf7 32. Rb6 h5 33. Ne3 b4 34.
cxb4 Nxb4 35. Bxb4 cxb4 36. Nd5 Ke6 37. Rxb4 Bg5 38. Rb7 Rc1+ 39. Kh2 Rc2 40.
Rg7 Bf4+ 41. g3 Bc1 42. Re7# 1-0

[Event "Madrid-ch Previa A 2014-2015"]
[Site "Madrid ESP"]
[Date "2015.02.16"]
[Round "7.9"]
[White "Franco Rincon, David"]
[Black "Saber, Salah"]
[Result "0-1"]
[WhiteElo "1697"]
[BlackElo "1866"]
[PlyCount "138"]
[EventDate "2015.02.02"]
[EventType "swiss"]
[EventRounds "9"]
[EventCountry "ESP"]
[Source "lmi"]
[SourceDate "2015.02.02"]

1. b4 a5 2. bxa5 Rxa5 3. Bb2 Nc6 4. e3 e5 5. Nf3 d6 6. d3 Nf6 7. Nbd2 Be7 8.
Be2 Be6 9. a3 O-O 10. O-O Bd7 11. c4 h6 12. Qc2 b6 13. d4 exd4 14. exd4 d5 15.
c5 bxc5 16. Nb3 Ra8 17. Nxc5 Be8 18. Rfb1 Bd6 19. Bd3 Ne7 20. Bc1 Nc8 21. Bd2
Bxc5 22. Qxc5 Ne4 23. Bxe4 dxe4 24. Bb4 Nd6 25. Nd2 Bb5 26. Re1 Re8 27. Rac1
Bd3 28. Qxc7 Nb5 29. Qf4 Nxd4 30. Rc7 Qd5 31. Qg4 Nc2 32. Rc5 Qe6 33. Qxe6 Rxe6
34. Rc1 Nd4 35. Rc8+ Re8 36. Rxa8 Rxa8 37. Rc5 Nc2 38. Rc3 Nxb4 39. Nxe4 Bxe4
40. f3 Nd5 41. Rc5 Rxa3 42. fxe4 Nf4 43. Rc4 Ra2 44. g3 Nh3+ 45. Kh1 Re2 46.
Rc8+ Kh7 47. Re8 Rxe4 48. Rb8 Re2 49. g4 Nf2+ 50. Kg2 Nxg4+ 51. Kf3 Rxh2 52.
Kxg4 Ra2 53. Rb7 Ra4+ 54. Kf5 Ra5+ 55. Kg4 Kg6 56. Rb6+ f6 57. Rb4 Rg5+ 58. Kh3
Rg1 59. Kh2 Re1 60. Kg2 f5 61. Kf2 Re4 62. Rb6+ Kg5 63. Kg2 g6 64. Rd6 h5 65.
Rd3 f4 66. Rd5+ Kg4 67. Rd2 g5 68. Kh2 f3 69. Kg1 Re1+ 0-1